000 00422nam a22001817a 4500
003 MPLRDC
005 20220104114204.0
008 210129b ||||| |||| 00| 0 eng d
082 _a782.879 PY-4
100 _a不详
245 _a末代皇帝秘史
_c
250 _a初版
260 _a
_b中原出版社
_c1986
300 _b
490 _a近代风云录
650 _a中国传记
942 _cBK
_o782.879 PY-4
999 _c5522
_d5512